The sermon on the mount: (Record no. 7409)

000 -LEADER
fixed length control field 00655nam a2200205 a 4500
001 - CONTROL NUMBER
control field :::00005170$&:&@@
003 - CONTROL NUMBER IDENTIFIER
control field OkBaRHE
005 - DATE AND TIME OF LATEST TRANSACTION
control field 20000607103323.0
008 - FIXED-LENGTH DATA ELEMENTS--GENERAL INFORMATION
fixed length control field s1960 j 000 0 eng u
040 ## - CATALOGING SOURCE
Transcribing agency
100 1# - MAIN ENTRY--PERSONAL NAME
Personal name Colton, C. E. (Clarence Eugene), 1914-
245 14 - TITLE STATEMENT
Title The sermon on the mount:
Remainder of title thirty messages of spiritual power.
260 ## - PUBLICATION, DISTRIBUTION, ETC. (IMPRINT)
Place of publication, distribution, etc Grand Rapids, MI., :
Name of publisher, distributor, etc Zondervan
Date of publication, distribution, etc c1960
300 ## - PHYSICAL DESCRIPTION
Extent 158 p. ;
Dimensions 22 cm.
650 ## - SUBJECT ADDED ENTRY--TOPICAL TERM
Topical term or geographic name as entry element Baptists
General subdivision Sermons
650 ## - SUBJECT ADDED ENTRY--TOPICAL TERM
Topical term or geographic name as entry element Sermon On The Mount
650 ## - SUBJECT ADDED ENTRY--TOPICAL TERM
Topical term or geographic name as entry element Sermons, American
942 ## - ADDED ENTRY ELEMENTS (KOHA)
Source of classification or shelving scheme
Koha item type Books
Copies
Full call number Shelving location Permanent Location Damaged status Koha item type Price effective from Lost status Withdrawn status Not for loan Source of classification or shelving scheme Barcode Date last seen Copy number Date acquired
BT 380 .C58General StacksRHEMA Bible Training College Books2010-04-14    51702010-04-1412010-04-14